Control of biological and drug-delivery systems for chemical, biomedical, and pharmaceutical engineering / (Record no. 20688)
[ view plain ]
| 000 -LEADER | |
|---|---|
| fixed length control field | 01357cam a22002535a 4500 |
| 001 - CONTROL NUMBER | |
| control field | 17220016 |
| 005 - DATE AND TIME OF LATEST TRANSACTION | |
| control field | 20151217111628.0 |
| 008 - FIXED-LENGTH DATA ELEMENTS--GENERAL INFORMATION | |
| fixed length control field | 120319t2013 njua frb 001 0 eng d |
| 020 ## - INTERNATIONAL STANDARD BOOK NUMBER | |
| International Standard Book Number | 9780470903230 (cloth) |
| 040 ## - CATALOGING SOURCE | |
| Original cataloging agency | DNLM/DLC |
| Language of cataloging | eng |
| Transcribing agency | DLC |
| Modifying agency | DLC |
| -- | EG-ScBUE |
| 082 04 - DEWEY DECIMAL CLASSIFICATION NUMBER | |
| Classification number | 615.19 |
| Item number | SIM |
| Edition number | 22 |
| 100 1# - MAIN ENTRY--PERSONAL NAME | |
| Personal name | Simon, Laurent, |
| Dates associated with a name | 1968- |
| 9 (RLIN) | 38581 |
| 245 10 - TITLE STATEMENT | |
| Title | Control of biological and drug-delivery systems for chemical, biomedical, and pharmaceutical engineering / |
| Statement of responsibility, etc | Laurent Simon. |
| 260 ## - PUBLICATION, DISTRIBUTION, ETC. (IMPRINT) | |
| Place of publication, distribution, etc | Hoboken : |
| Name of publisher, distributor, etc | A John Wiley & Sons, Inc., |
| Date of publication, distribution, etc | c.2013. |
| 300 ## - PHYSICAL DESCRIPTION | |
| Extent | xv, 366 p. : |
| Other physical details | ill. ; |
| Dimensions | 25 cm. |
| 500 ## - GENERAL NOTE | |
| General note | Index : p. 361-366. |
| 504 ## - BIBLIOGRAPHY, ETC. NOTE | |
| Bibliography, etc | Includes bibliographical references. |
| 505 0# - FORMATTED CONTENTS NOTE | |
| Formatted contents note | Mathematical models -- Linearization and deviation variables -- Stability considerations -- Laplace transforms -- Inverse laplace transforms -- Transfer functions -- Dynamic behaviors of typical plants -- Closed-loop responses with P, PI and PID controllers -- Frequency response analysis -- Stability analysis of feedback systems -- Design of feedback controllers -- Feedback control of dead-time systems -- Cascade and feedforward control strategies -- Effective time constant -- Optimal control and design. |
| 650 #7 - SUBJECT ADDED ENTRY--TOPICAL TERM | |
| Topical term or geographic name as entry element | Pharmaceutical chemistry. |
| 9 (RLIN) | 30027 |
| Source of heading or term | BUEsh |
| 651 ## - SUBJECT ADDED ENTRY--GEOGRAPHIC NAME | |
| Source of heading or term | BUEsh |
| 653 ## - INDEX TERM--UNCONTROLLED | |
| Resource For college | Engineering, Chemical |
| Arrived date list | November2015 |
| 655 ## - INDEX TERM--GENRE/FORM | |
| Form subdivision | Reading book |
| -- | 34232 |
| 942 ## - ADDED ENTRY ELEMENTS (KOHA) | |
| Source of classification or shelving scheme | Dewey Decimal Classification |
| Withdrawn status | Lost status | Source of classification or shelving scheme | Damaged status | Not for loan | Koha collection | Home library | Current library | Shelving location | Date acquired | Source of acquisition | Cost, normal purchase price | Serial Enumeration / chronology | Total Checkouts | Full call number | Barcode | Date last seen | Date last borrowed | Cost, replacement price | Koha item type |
|---|---|---|---|---|---|---|---|---|---|---|---|---|---|---|---|---|---|---|---|
| Dewey Decimal Classification | Baccah | Central Library | Central Library | First floor | 24/08/2015 | Purchase | 870.00 | 23317 | 1 | 615.19 SIM | 000039038 | 15/07/2025 | 27/02/2017 | 1088.00 | Book - Borrowing | ||||
| Dewey Decimal Classification | Baccah | Central Library | Central Library | First floor | 26/10/2015 | Purchase | 615.19 SIM | 000031207 | 15/07/2025 | Book - Borrowing |